Způsoby výpočtu cash flow životních pojištění
Niektoré spôsoby modelovania finančných tokov (Cash flow, CF), špeciálne pre životné poistenie. K čomu slúži modelovanie budúceho CF, rôzne prístupy k modelovaniu CF. Výpočty založené na vývoji CF. Predpoklady, ktoré sú pre výpočet CF používané - podúmrtnosť, stornovosť, provízia, náklady, nárast po...
Gespeichert in:
| 1. Verfasser: | |
|---|---|
| Format: | Buchkapitel |
| Sprache: | Tschechisch |
| Schlagworte: | |
| Tags: |
Keine Tags, Fügen Sie das erste Tag hinzu!
|
MARC
| LEADER | 00000naa$a2200000$$$4500 | ||
|---|---|---|---|
| 001 | 0034871 | ||
| 005 | 20230928072401.1 | ||
| 041 | 0 | |a cze | |
| 044 | |a CZ | ||
| 245 | 1 | 0 | |a Způsoby výpočtu cash flow životních pojištění |c Martin Janeček |
| 520 | |a Niektoré spôsoby modelovania finančných tokov (Cash flow, CF), špeciálne pre životné poistenie. K čomu slúži modelovanie budúceho CF, rôzne prístupy k modelovaniu CF. Výpočty založené na vývoji CF. Predpoklady, ktoré sú pre výpočet CF používané - podúmrtnosť, stornovosť, provízia, náklady, nárast poistných hodnôt, zhodnotenie finančného umiestnenia rezerv, úroková miera používaná pre diskontovanie CF. Príklad. | ||
| 610 | 2 | 0 | |a poistenie životné |
| 610 | 2 | 0 | |a cash flow |
| 610 | 2 | 0 | |a modelovanie |
| 610 | 2 | 0 | |a hodnota |
| 610 | 2 | 0 | |a spoločnosť |
| 100 | 1 | |a Janeček, Martin | |